| 000 | 00586nam a2200217 a 4500 | ||
|---|---|---|---|
| 001 | BRCA_3583 | ||
| 005 | 20190320204337.0 | ||
| 008 | 060809m19611960nyu#---###---#000-0#eng-# | ||
| 041 | _aeng | ||
| 044 | _anyu | ||
| 050 | 4 |
_aPZ4 _b.W35 1961 |
|
| 100 | 1 |
_aWallace, Irving _99298 |
|
| 245 | 1 | 0 |
_aThe chapman report _cIrving Wallace. |
| 260 |
_aNew York _bThe New American Library of Word Literature _c1961 |
||
| 300 |
_a383 p. _c18 cm. |
||
| 440 | 0 |
_aSignet book _vT1935 _99299 |
|
| 500 | _aB251 | ||
| 650 | 1 | 4 |
_aLiteratura estadounidense _vNovela _99300 |
| 902 | _aGFM | ||
| 942 |
_2lcc _cB |
||
| 999 |
_c3318 _d3318 |
||